00679 2200229 4500001002100000005001500021035002000036007000300056008004100059020002200100082001100122084001700133100003700150245009000187250002300277300001600300700003000316264003600346336002100382337001900403338002700422INLIS00000000000012820241021123849 a0010-1024000019ta241021 c 0 ind  a978-602-5400-57-5 a297.63 a297.63 HAM p0 aHamida Rahmad AdijayaePengarang1 aPendidikan Tarikh SMP Muhammadiyah Kelas VII /cHamida Rahmad Adijaya, Abdullah Mukti aCetakan 1, Jilid 1 a118 :bilus0 aAbdullah MuktiePengarang aYogyakarta :bGramasurya,c2017 2rdacontentateks 2rdamediaaBuku 2rdacarrieraSoft Cover